[Event "2. Bundesliga West 2005/2006"]
[Site "AUT"]
[Date "2006.03.19"]
[Round "11"]
[White "Deglmann, Ludwig"]
[Black "Neuschmied, Siegfried"]
[Result "1-0"]
[WhiteElo "2378"]
[BlackElo "2251"]
[PlyCount "79"]
[EventDate "2005.10.??"]
[EventType "team"]
[EventRounds "11"]
[EventCountry "AUT"]
[WhiteTeam "Innsbruck Rochade III"]
[BlackTeam "Woergl IV"]
[WhiteTeamCountry "AUT"]
[BlackTeamCountry "AUT"]

1. e4 c5 2. Nf3 d6 3. c3 Nf6 4. Bd3 Nc6 5. Bc2 e5 6. h3 Be7 7. O-O O-O 8. Re1
Qc7 9. d3 h6 10. Nbd2 Re8 11. a3 b6 12. b4 Bf8 13. Bb2 a6 14. Rc1 Bb7 15. d4
Rad8 16. bxc5 dxc5 17. d5 Na5 18. c4 Bc8 19. Ba4 Bd7 20. Bxd7 Nxd7 21. a4 Rb8
22. Bc3 Nb7 23. Rc2 Nd6 24. Qa1 f6 25. Nh4 b5 26. axb5 axb5 27. cxb5 Nxb5 28.
Nc4 Ra8 29. Qd1 Ra4 30. Bd2 Nb8 31. Rc1 Qa7 32. Qg4 Qd7 33. Nf5 h5 34. Qxh5 Ra2
35. Qg6 Nd4 36. Nb6 Qb5 37. Rb1 Nb3 38. Rxb3 Qxb3 39. Qxe8 Qxb6 40. Ne7+ 1-0

[Event "2. Bundesliga West 2005/2006"]
[Site "AUT"]
[Date "2006.03.19"]
[Round "11"]
[White "Jedinger, Andreas"]
[Black "Bertagnolli, Alexander"]
[Result "0-1"]
[WhiteElo "2128"]
[BlackElo "2281"]
[PlyCount "96"]
[EventDate "2005.10.??"]
[EventType "team"]
[EventRounds "11"]
[EventCountry "AUT"]
[WhiteTeam "Innsbruck Rochade III"]
[BlackTeam "Woergl IV"]
[WhiteTeamCountry "AUT"]
[BlackTeamCountry "AUT"]

1. e4 c5 2. Nf3 d6 3. d4 cxd4 4. Qxd4 Nc6 5. Bb5 Qa5+ 6. Nc3 Qxb5 7. Nxb5 Nxd4
8. Nfxd4 Kd8 9. Bd2 Bd7 10. a4 Nf6 11. f3 e5 12. Nb3 Be6 13. Be3 a6 14. Bb6+
Kd7 15. Nc3 Bxb3 16. cxb3 d5 17. exd5 Rc8 18. O-O-O Bb4 19. Kc2 Kd6 20. Rhe1
Rhe8 21. Re3 Nd7 22. a5 f5 23. Kb1 Nxb6 24. axb6 Bc5 25. Red3 Bxb6 26. Re1 h5
27. h3 h4 28. Re2 Re7 29. Nd1 Rec7 30. Ne3 Bxe3 31. Rdxe3 Rc1+ 32. Ka2 R8c5 33.
b4 Rxd5 34. Rc3 Rxc3 35. bxc3 Rd3 36. Kb3 Kd5 37. Kc2 Kc4 38. Rxe5 Rxc3+ 39.
Kb2 Kxb4 40. Rxf5 a5 41. Rf4+ Rc4 42. Rf7 b5 43. Rxg7 a4 44. Rg4 a3+ 45. Ka2
Ka4 46. Rg5 Rc2+ 47. Kb1 a2+ 48. Ka1 Ka3 0-1

[Event "2. Bundesliga West 2005/2006"]
[Site "AUT"]
[Date "2006.03.19"]
[Round "11"]
[White "Pitl, Gregory"]
[Black "Schmidt, Georg"]
[Result "0-1"]
[WhiteElo "2365"]
[BlackElo "2363"]
[PlyCount "92"]
[EventDate "2005.10.??"]
[EventType "team"]
[EventRounds "11"]
[EventCountry "AUT"]
[WhiteTeam "Inter Salzburg VIII"]
[BlackTeam "Mozart 1910 VI"]
[WhiteTeamCountry "AUT"]
[BlackTeamCountry "AUT"]

1. e4 e6 2. d4 d5 3. Nd2 Nf6 4. e5 Nfd7 5. c3 c5 6. f4 Nc6 7. Ndf3 Qb6 8. a3
cxd4 9. cxd4 a5 10. b3 f5 11. Ne2 Be7 12. Nc3 O-O 13. Be2 Qd8 14. h4 Nb6 15.
Bd3 a4 16. b4 Bd7 17. g4 Rc8 18. gxf5 exf5 19. Bd2 Qe8 20. Qe2 Nd8 21. Qg2 Ne6
22. Rc1 Nc7 23. Rg1 Rf7 24. Nd1 Be6 25. Ne3 Qd7 26. Qe2 Kh8 27. Kf2 Ne8 28. Bb5
Qd8 29. Rxc8 Bxc8 30. Ng5 Bxg5 31. Rxg5 Nc7 32. Qh5 Qg8 33. Nxf5 Bxf5 34. Rxf5
Rxf5 35. Qxf5 Nxb5 36. h5 h6 37. Bc1 Nxd4 38. Qg6 Nc4 39. Be3 Ne6 40. f5 Nxe5
41. Qxe6 Qxe6 42. fxe6 Kg8 43. Kg3 Nc4 44. Bc5 b6 45. Be7 Nxa3 46. Kf4 Nb5 0-1

[Event "2. Bundesliga West 2005/2006"]
[Site "AUT"]
[Date "2006.03.19"]
[Round "11"]
[White "Tischbierek, Raj"]
[Black "Gasthofer, Alexander"]
[Result "1/2-1/2"]
[WhiteElo "2466"]
[BlackElo "2418"]
[PlyCount "20"]
[EventDate "2005.10.??"]
[EventType "team"]
[EventRounds "11"]
[EventCountry "AUT"]
[WhiteTeam "Mozart 1910 VI"]
[BlackTeam "Inter Salzburg VIII"]
[WhiteTeamCountry "AUT"]
[BlackTeamCountry "AUT"]

1. e4 e6 2. d4 d5 3. Nd2 c5 4. exd5 exd5 5. Bb5+ Nc6 6. Ngf3 Bd6 7. dxc5 Bxc5
8. O-O Nge7 9. Nb3 Bd6 10. Bg5 O-O 1/2-1/2

[Event "2. Bundesliga West 2005/2006"]
[Site "AUT"]
[Date "2006.03.19"]
[Round "11"]
[White "Ager, Josef"]
[Black "Tabernig, Bernhard"]
[Result "1/2-1/2"]
[WhiteElo "2246"]
[BlackElo "2324"]
[PlyCount "99"]
[EventDate "2005.10.??"]
[EventType "team"]
[EventRounds "11"]
[EventCountry "AUT"]
[WhiteTeam "Ranshofen IX"]
[BlackTeam "Zillertal II"]
[WhiteTeamCountry "AUT"]
[BlackTeamCountry "AUT"]

1. c4 e6 2. g3 d5 3. Bg2 c6 4. Qc2 Nf6 5. Nf3 dxc4 6. Ne5 Qc7 7. Nxc4 b5 8. Ne5
Bd6 9. d4 Bb7 10. Nf3 Nbd7 11. O-O O-O 12. b3 c5 13. Bb2 Rac8 14. Rc1 Qb8 15.
Qd1 Rfd8 16. Nbd2 a6 17. a4 bxa4 18. Rxa4 cxd4 19. Rxc8 Rxc8 20. Nxd4 Bxg2 21.
Kxg2 Nc5 22. Rc4 Nfd7 23. Qa1 Qb7+ 24. Kg1 Nb6 25. Rc1 Nd5 26. Qa5 Bf8 27. Ba3
Nd7 28. Rxc8 Qxc8 29. Bxf8 Nxf8 30. Nc4 h5 31. Nf3 Qb7 32. Nd4 h4 33. Nd6 Qa8
34. e4 Nf6 35. Qc7 N8d7 36. Nc6 h3 37. f3 a5 38. Qc8+ Qxc8 39. Nxc8 g5 40. g4
Nc5 41. Nxa5 Nfd7 42. Kf2 Ne5 43. Kg3 Ncd3 44. Nc4 Nxc4 45. bxc4 Kf8 46. Nb6
Ke7 47. Kxh3 Kd6 48. Na4 Ne5 49. Kg3 Nxc4 50. h4 1/2-1/2

[Event "2. Bundesliga West 2005/2006"]
[Site "AUT"]
[Date "2006.03.19"]
[Round "11"]
[White "Hackbarth, Wolfgang"]
[Black "Schiestl, Josef"]
[Result "1-0"]
[WhiteElo "2135"]
[BlackElo "2157"]
[PlyCount "69"]
[EventDate "2005.10.??"]
[EventType "team"]
[EventRounds "11"]
[EventCountry "AUT"]
[WhiteTeam "Ranshofen IX"]
[BlackTeam "Zillertal II"]
[WhiteTeamCountry "AUT"]
[BlackTeamCountry "AUT"]

1. c4 Nf6 2. Nc3 g6 3. d4 Bg7 4. e4 d6 5. Nf3 O-O 6. h3 e5 7. d5 a5 8. Bg5 Na6
9. Bd3 Bd7 10. Qd2 c6 11. dxc6 bxc6 12. Bc2 Be6 13. b3 Qc7 14. Rd1 Ne8 15. Na4
Rb8 16. Bb1 f6 17. Be3 Rf7 18. Qe2 Bf8 19. Nh2 Rd7 20. O-O f5 21. f4 Rf7 22.
Nf3 h6 23. c5 exf4 24. Bxf4 Nxc5 25. Nxc5 Qa7 26. Qe3 dxc5 27. Bxb8 Qxb8 28.
exf5 Bxf5 29. Bxf5 Rxf5 30. Qe6+ Kh7 31. Nh4 Rxf1+ 32. Rxf1 Bg7 33. Qxg6+ Kh8
34. Nf5 Qe5 35. Nxg7 1-0

[Event "2. Bundesliga West 2005/2006"]
[Site "AUT"]
[Date "2006.03.19"]
[Round "11"]
[White "Kroell, Johannes"]
[Black "Maierhofer, Johann"]
[Result "1/2-1/2"]
[WhiteElo "2191"]
[BlackElo "2166"]
[PlyCount "93"]
[EventDate "2005.10.??"]
[EventType "team"]
[EventRounds "11"]
[EventCountry "AUT"]
[WhiteTeam "Zillertal II"]
[BlackTeam "Ranshofen IX"]
[WhiteTeamCountry "AUT"]
[BlackTeamCountry "AUT"]

1. Nc3 c5 2. g4 Nc6 3. Bg2 d6 4. e4 g6 5. d3 Bg7 6. Bd2 Nd4 7. h3 e6 8. Nge2
Ne7 9. Qc1 Bd7 10. Ng3 Nec6 11. Nd1 Ne5 12. Kf1 O-O 13. f4 Nef3 14. Be3 Nh4 15.
c3 Nc6 16. e5 dxe5 17. Bxc5 Re8 18. Ne4 b6 19. Ba3 exf4 20. Qxf4 Nxg2 21. Kxg2
Ne5 22. Rf1 Bc6 23. d4 f5 24. dxe5 Bxe4+ 25. Kg1 b5 26. Bd6 Rc8 27. Nf2 Qb6 28.
Rfd1 Rc4 29. Qg3 Rec8 30. Rd2 Bd5 31. gxf5 gxf5 32. Kh2 Kh8 33. Rg1 Qb7 34. Nd3
Bh6 35. Rf2 Qf7 36. Nf4 Bxf4 37. Rxf4 Rxf4 38. Qxf4 Rg8 39. Rg5 Rg7 40. a3 Rg6
41. Qh4 f4 42. Rg4 Rxg4 43. hxg4 f3 44. Qd8+ Kg7 45. Qg5+ Qg6 46. Qe7+ Qf7 47.
Qg5+ 1/2-1/2